Recent advances in operator theory, operator algebras, and their applications : XIXth International Conference on Operator Theory, Timiosoara, Romania, 2002

Saved in:
Bibliographic Details
Corporate Author: Conference on Operator Theory Timiosoara, Romania
Other Authors: Gaspar, Dumitru (Editor)
Format: Conference Proceeding Book
Language:English
Published: Basel ; Boston : Birkhäuser, c2005.
Series:Operator theory, advances and applications ; 153
Subjects:
Tags: Add Tag
No Tags, Be the first to tag this record!

MARC

LEADER 00000nam a2200000 a 4500
001 1/119704
008 190725t2005####sz | ||| |||| ||eng||
020 |a 3764371277  
040 |a GR-MyUa  |b gre  |c GR-MyUa  |e AACR2 
041 0 |a eng 
082 7 |a 515.724   |2 (23) 
111 2 |a Conference on Operator Theory  |n (19th :   |d 2002 :   |c Timiosoara, Romania) 
245 1 0 |a Recent advances in operator theory, operator algebras, and their applications :   |b XIXth International Conference on Operator Theory, Timiosoara, Romania, 2002 /   |c D. Gaspar ... [κ.ά.], editors. 
260 |a Basel ; Boston :   |b Birkhäuser,   |c c2005. 
300 |a xvi, 344 σ. ;   |c 24 εκ.  
490 1 |a (Operator theory, advances and applications ;   |v v. 153)  
504 |a Περιέχει βιβλιογραφικές αναφορές.  
650 0 |a Operator theory  |x Congresses. 
650 0 |a Operator algebras  |x Congresses. 
700 1 |a Gaspar, Dumitru,  |e edt 
830 0 |a Operator theory, advances and applications  |v ; 153  
852 |a INST  |b SAMOS  |e 20190725  |h 515.724 CON  |p 005300046100  |q 005300046100  |t BK  |y 0 
922 |a 3ΕΛΗ  |b 2017/12  |c Τμήμα Μαθηματικών-Μεταπτυχιακό  |d Bookpath 
970 |a Κοσιέρης  |b Χρήστος  |z 25-07-2019